000 00505nam a2200205Ia 4500
001 11654
003 GE_BSU
008 181216s||||||||xx |||||||||||||| ||und||
020 _a0039103218
040 _cGE_BSU
080 _a658.4
100 _aWeeks,David; Colin Inns.
245 _aBusiness organization,work and society.
260 _aLondon.
260 _bHolt,Rinehart and Winston.
260 _c1981.
300 _a216p;25cm.
653 _aBusiness organization,work and society.
942 _cBK
999 _c44840
_d44840